000 00771nam a22002297a 4500
005 20170124105914.0
010 _a897724
020 _c80.00
035 _a897724
037 _bCen Lib/Ret
040 _aDPL
_bEN
082 _a016.82
100 _aMasoodul Hasan
_91828
245 _a19th century English literacy works :
_cby Masoodul Hasan
_ba bibliography of rare books available in India /
260 _aDelhi
_bB. R. Publishing Corporation
_c1978
270 _a1, Ansari Road, Darya Ganj
_bNew Delhi
_e110002
300 _axiv,319p.
_c21cm(Hb)
500 _aIncludes bibliographical references and index
650 _aLibrary Science
_vBibliography
_9105488
650 _aLibrary works
_vBibliography
_91830
942 _2ddc
_cEN
_h016.82
_mMAS
999 _c122705
_d122705